00714nam a2200205Ia 4500008004100000041001200041082001200053100002100065245008900086260004800175300000800223365000800231520001600239520003100255546001200286630008900298650001600387655001600403730008900419101110s9999 xx 000 0 und d aENGLISH bSR33938 aRosen Kenneth H. aDiscrete mathematics & its applications : with combinatorics and graph theory 6th ed c2009bTata McGraw Hill education, New Delhi a863 b435 aMathematics aUGC Marge Scheme 2009-2010 aENGLISH aDiscrete mathematics & its applications : with combinatorics and graph theory 6th ed aMathematics aMathematics aDiscrete mathematics & its applications : with combinatorics and graph theory 6th ed